Digital systems : (Record no. 936)
[ view plain ]
| 000 -LEADER | |
|---|---|
| fixed length control field | 00782nac a22002171u 4500 |
| 010 ## - LIBRARY OF CONGRESS CONTROL NUMBER | |
| LC control number | 2003051763 |
| 020 ## - INTERNATIONAL STANDARD BOOK NUMBER | |
| International Standard Book Number | 0137005105 |
| 082 00 - DEWEY DECIMAL CLASSIFICATION NUMBER | |
| Classification number | 621.381 |
| Item number | T631 |
| 090 ## - LOCALLY ASSIGNED LC-TYPE CALL NUMBER (OCLC); LOCAL CALL NUMBER (OCLC) | |
| -- | 936 |
| -- | 936 |
| 100 ## - MAIN ENTRY--PERSONAL NAME | |
| Personal name | Tocci, Ronald J. |
| 245 10 - TITLE STATEMENT | |
| Title | Digital systems : |
| Remainder of title | principles and applications / |
| Statement of responsibility, etc | Ronald J. Tocci, Neal S. Widmer, Gregory L. Moss. |
| 250 ## - EDITION STATEMENT | |
| Edition statement | 7th ed. |
| 260 ## - PUBLICATION, DISTRIBUTION, ETC. (IMPRINT) | |
| Place of publication, distribution, etc | New Delhi : |
| Name of publisher, distributor, etc | Prentice Hall of India, |
| Date of publication, distribution, etc | c2004. |
| 300 ## - PHYSICAL DESCRIPTION | |
| Extent | 986 p. : |
| Other physical details | ill. ; |
| Dimensions | 29 cm. |
| 500 ## - GENERAL NOTE | |
| General note | Includes index. |
| 650 #0 - SUBJECT ADDED ENTRY--TOPICAL TERM | |
| Topical term or geographic name as entry element | Digital electronics. |
| 700 1# - ADDED ENTRY--PERSONAL NAME | |
| Personal name | Widmer, Neal S. |
| 700 1# - ADDED ENTRY--PERSONAL NAME | |
| Personal name | Moss, Gregory L. |
| 942 ## - ADDED ENTRY ELEMENTS (KOHA) | |
| Item type | Book - Borrowing |
| Call number prefix | 621.381T631 |
| Withdrawn status | Item status | Source of classification or shelving scheme | Damaged status | Not for loan | Vendor | Home library | Current library | Shelving location | Date acquired | Source of acquisition | Cost, normal purchase price | Total Checkouts | Total Renewals | Full call number | Barcode | Date last seen | Date last borrowed | Cost, replacement price | Koha item type |
|---|---|---|---|---|---|---|---|---|---|---|---|---|---|---|---|---|---|---|---|
| Dewey Decimal Classification | Central Library | Central Library | First floor | 06/08/2010 | 320.00 | 2 | 10 | 621.381 TOC | 000003585 | 15/07/2025 | 02/10/2011 | 400.00 | Book - Borrowing |